Loading...
| Religion | 1 | 4 | 0 | 2 | 55 | 22 | 103.80 | 2 | 5 |
| History - European History | 2 | 2 | 0 | 1 | 50 | 73 | 102.00 | 1 | 2 |
| Science - Biology | 0 | 5 | 0 | 1 | 50 | 83 | 112.60 | 1 | 5 |
| Other Academic | 1 | 3 | 0 | 0 | 45 | 69 | 94.50 | 1 | 4 |
| Science - Physics | 0 | 4 | 0 | 2 | 40 | 92 | 116.25 | 2 | 4 |
| Mythology | 1 | 2 | 0 | 1 | 35 | 62 | 105.00 | 1 | 3 |
| Social Science | 0 | 3 | 0 | 0 | 30 | 107 | 116.33 | 0 | 2 |
| Fine Arts - Other Fine Arts | 0 | 2 | 0 | 0 | 20 | 125 | 137.50 | 0 | 2 |
| Science - Chemistry | 0 | 2 | 1 | 1 | 15 | 129 | 134.00 | 0 | 0 |
| History - World History | 0 | 2 | 1 | 1 | 15 | 137 | 140.50 | 0 | 2 |
| Literature - Poetry | 0 | 1 | 0 | 0 | 10 | 154 | 154.00 | 0 | 1 |
| History - American History | 0 | 1 | 0 | 0 | 10 | 88 | 88.00 | 0 | 0 |
| History - Ancient History | 0 | 1 | 0 | 0 | 10 | 76 | 76.00 | 0 | 1 |
| Science - Other Science | 0 | 1 | 1 | 0 | 5 | 123 | 123.00 | 1 | 1 |
| Geography | 0 | 1 | 2 | 0 | 0 | 150 | 150.00 | 0 | 1 |
| History - Other History | 0 | 0 | 1 | 0 | -5 | 0.00 | 0 | 0 | |
| Science - Math | 0 | 0 | 1 | 0 | -5 | 0.00 | 0 | 0 | |
| Fine Arts - Painting and Sculpture | 0 | 0 | 1 | 0 | -5 | 0.00 | 0 | 0 | |
| Fine Arts - Classical Music | 0 | 0 | 2 | 0 | -10 | 0.00 | 0 | 0 |